000 00287 a2200121 4500
001 39731
090 _c24740
_d24740
100 _aHoughton, E L.
245 _aAerodynamics for engineering students, 4/e
250 _a4
260 _aLondon
_bEdward Arnold
_c1993
300 _a515 p.
942 _aNUST-CAE
_k629.1323 HOU
999 _c274804
_d274804